000 00554nam a2200157 4500
999 _c2757
_d2757
020 _a1581940335
050 _aHF 5657
_b.G47
100 _aIrwin N. Gleim
110 _aDale L. Flesher
245 _aFinancial Accounting &n Reporting
250 _a9th ed.
260 _aUSA
_bGleim publications
_c1998
300 _aviii, 520
505 _aAccounting standards Financial statements Conceptual framework Assets Liabilities Shareholders equity Other income items Other reporting issues Financial statement analysis External auditing
942 _cBK